Library of the University of Algiers 3
Ibrahim Sultan Cheibout
شعار جامعة الجزائر 3
مكتبة جامعة الجزائر 3
إبراهيم سلطان شيبوط

مبادئ التسويق / (رقم التسجيلة. 45597)

تفاصيل مارك
000 -LEADER
fixed length control field 01213nam a2200217Ia 4500
003 - CONTROL NUMBER IDENTIFIER
control field Ost
005 - DATE AND TIME OF LATEST TRANSACTION
control field 20260507075651.0
008 - FIXED-LENGTH DATA ELEMENTS--GENERAL INFORMATION
fixed length control field 260507s9999||||xx |||||||||||||| ||und||
040 ## - CATALOGING SOURCE
Transcribing agency fsecg
041 ## - LANGUAGE CODE
Language code of text/sound track or separate title ara
082 ## - DEWEY DECIMAL CLASSIFICATION NUMBER
Classification number 658.8
100 ## - MAIN ENTRY--PERSONAL NAME
Personal name الصحن، محمد فريد
Relator term مؤلف
245 #0 - TITLE STATEMENT
Title مبادئ التسويق /
Statement of responsibility, etc. محمد فريد الصحن
260 ## - PUBLICATION, DISTRIBUTION, ETC.
Place of publication, distribution, etc. الإسكندرية:
Name of publisher, distributor, etc. الدار الجامعية,
Date of publication, distribution, etc. 2004
300 ## - PHYSICAL DESCRIPTION
Extent 398 صفحة؛
Other physical details إيضاحات ؛
Dimensions 24 سم
520 ## - SUMMARY, ETC.
Summary, etc. التسويق مبادئ ومفاهيم أساسية- قطاعية السوق والأسواق المستهدفة- بحوث التسويق ونظم دعم القرار- سلوك الشراء واتخاذ القرار- أسواق الأعمال والسلوك الشرائي للمنظمات- أسواق الوسطاء- استراتيجيات المنتجات- استراتيجية التسعير- استراتيجية الترويج- استراتيجية التوزيع- التسويق الإلكتروني- تقييم الاداء التسويقي.
653 ## - INDEX TERM--UNCONTROLLED
Uncontrolled term أدارة المبيعات
653 ## - INDEX TERM--UNCONTROLLED
Uncontrolled term التسويق
700 ## - ADDED ENTRY--PERSONAL NAME
Personal name عباس، نبيلة
Relator term مؤلف ثانوي
942 ## - ADDED ENTRY ELEMENTS (KOHA)
Koha item type كتب
المقتنيات
Withdrawn status Lost status Source of classification or shelving scheme Damaged status Not for loan Home library Current library Date acquired Serial enumeration / chronology Inventory number Total checkouts Full call number Barcode Date last seen Price effective from Koha item type
    Dewey Decimal Classification   Available مكتبة كلية العلوم الإقتصادية والعلوم التجارية وعلوم التسيير مكتبة كلية العلوم الإقتصادية والعلوم التجارية وعلوم التسيير 07/05/2026 مكتبة بن عكنون 1733/10   أ/1733ن10 1733/10 07/05/2026 07/05/2026 كتب
    Dewey Decimal Classification   Available مكتبة كلية العلوم الإقتصادية والعلوم التجارية وعلوم التسيير مكتبة كلية العلوم الإقتصادية والعلوم التجارية وعلوم التسيير 07/05/2026 مكتبة بن عكنون 1733/11   أ/1733ن11 1733/11 07/05/2026 07/05/2026 كتب
    Dewey Decimal Classification   Available مكتبة كلية العلوم الإقتصادية والعلوم التجارية وعلوم التسيير مكتبة كلية العلوم الإقتصادية والعلوم التجارية وعلوم التسيير 07/05/2026 الطابق الثاني 1733/9   أ/1733ن9 1733/9 07/05/2026 07/05/2026 كتب

موارد الويب المفتوحة


© University of Algiers 3 All Rights Reserved
|
Implemented by LECHELAH Riad